|
|
|
|
| LEADER |
00000nam0a2200000 4500 |
| 001 |
308973 |
| 005 |
20231102002138.0 |
| 010 |
|
|
|a 9785383009499
|
| 035 |
|
|
|a (RuTPU)RU\TPU\book\334294
|
| 090 |
|
|
|a 308973
|
| 100 |
|
|
|a 20151109d2015 m y0rusy50 ca
|
| 101 |
0 |
|
|a rus
|
| 102 |
|
|
|a RU
|
| 105 |
|
|
|a a j 001zy
|
| 200 |
1 |
|
|a Современное состояние физики элементарных частиц
|e курс лекций
|f М. И. Высоцкий
|
| 210 |
|
|
|a Москва
|c Издательский дом МЭИ
|d 2015
|
| 215 |
|
|
|a 58 с.
|c ил.
|
| 225 |
1 |
|
|a Высшая школа физики
|v Вып. 7
|
| 320 |
|
|
|a Библиогр.: с. 57.
|
| 330 |
|
|
|a Изложены материалы лекций, прочитанных в рамках Высшей школы физики, организованной Госкорпорацией «Росатом», третий модуль которой был проведен в г. Сарове в 2013 году.Лекции посвящены современному состоянию физики элементарных частиц.Для студентов высшей школы, аспирантов, специалистов в области современной физики.
|
| 606 |
1 |
|
|a Элементарные частицы
|2 stltpush
|3 (RuTPU)RU\TPU\subj\21082
|9 46124
|
| 610 |
1 |
|
|a физика
|
| 610 |
1 |
|
|a квантовая электродинамика
|
| 610 |
1 |
|
|a квантовая хромодинамика
|
| 610 |
1 |
|
|a нейтрино
|
| 610 |
1 |
|
|a строение
|
| 610 |
1 |
|
|a фундаментальные частицы
|
| 610 |
1 |
|
|a законы сохранения
|
| 610 |
1 |
|
|a ускорители
|
| 610 |
1 |
|
|a взаимодействия
|
| 610 |
1 |
|
|a стандартные модели
|
| 610 |
1 |
|
|a электрослабая теория
|
| 610 |
1 |
|
|a учебные пособия
|
| 675 |
|
|
|a 539.12(075.8)
|v 4
|
| 700 |
|
1 |
|a Высоцкий
|b М. И.
|g Михаил Иосифович
|
| 801 |
|
1 |
|a RU
|b 63413507
|c 20151109
|
| 801 |
|
2 |
|a RU
|b 63413507
|c 20160331
|g RCR
|
| 900 |
|
|
|a Физика атомного ядра и элементарных частиц
|
| 942 |
|
|
|c BK
|
| 959 |
|
|
|a 125/20151006
|d 2
|e 242,00
|f ЧЗТЛ:2
|
| 959 |
|
|
|a 10/20160125
|d 3
|e 242,00
|f ЧЗТЛ:1
|f УФ:2
|